Statistics for Washington DC Area Colleges (Updated)

Click here to take the quiz!

General Stats

  • This quiz has been taken 555 times
    (324 since last reset)
  • The average score is 7 of 12

Answer Stats

HintAnswer% Correct
Campuses are located in Mt. Vernon and Foggy BottomThe George Washington University
94%
Oldest Catholic university in the USGeorgetown University
93%
Has an eagle as a mascot; Located in TenleytownAmerican University
86%
Historically Black UniversityHoward University
86%
Located on Michigan Avenue; As its name implies, has a religious focusThe Catholic University of America
76%
Public university; Named after a founding fatherGeorge Mason University
72%
Serves 33,000 students; located just north of DCUniversity of Maryland
63%
Community college located in the DistrictUniversity of the District of Columbia
57%
ASL often used as language of instructionGallaudet University
47%
School colors are blue and white, located in Northern VAMarymount University
23%
Fort McNair locationNational Defense University
7%
Open to those who hold Top Secret/SCI ClearanceNational Intelligence University
1%

Score Distribution

Percentile by Number Answered

Percent of People with Each Score

Your Score History

You have not taken this quiz since the last reset